Amin Ash, Thrift Nigel (2002). Cities : reimagining the urban. Cambridge : Polity Press, vii + 184 p., £14.99/US$26.95 paperback. ISBN : 0 7456 2414 6, paper (notice n° 1584791)

détails MARC
000 -LEADER
fixed length control field 01946cam a2200181 4500500
005 - DATE AND TIME OF LATEST TRANSACTION
control field 20251228052907.0
041 ## - LANGUAGE CODE
Language code of text/sound track or separate title fre
042 ## - AUTHENTICATION CODE
Authentication code dc
100 10 - MAIN ENTRY--PERSONAL NAME
Personal name Pumain, Denise
Relator term author
245 00 - TITLE STATEMENT
Title Amin Ash, Thrift Nigel (2002). Cities : reimagining the urban. Cambridge : Polity Press, vii + 184 p., £14.99/US$26.95 paperback. ISBN : 0 7456 2414 6, paper
260 ## - PUBLICATION, DISTRIBUTION, ETC.
Date of publication, distribution, etc. 2005.<br/>
500 ## - GENERAL NOTE
General note 91
520 ## - SUMMARY, ETC.
Summary, etc. RésuméLe travail médial est celui qui s’accomplit dans notre corps médial, à savoir le milieu éco-techno-symbolique nécessaire à l’existence de la personne individuelle. C’est la chôra indispensable au topos de notre corps animal. Or l’ontologie moderne ne reconnaît pas ce lien. Cette forclusion est particulièrement marquée dans l’individualisme méthodologique. Elle s’exprime dans la rationalité à court terme du capitalisme. Si l’humanité doit survivre sur la Terre, il s’impose de substituer à l’ontologie moderne, focalisée par l’ être vers la mort individuel, une ontologie reconnaissant l’ être vers la vie de l’humanité.
520 ## - SUMMARY, ETC.
Summary, etc. Medial work is that performed by the medial body, i.e. the eco-techno-symbolic milieu necessary to the existence of the individual person. It is the chora required by the topos of our animal body. However, modern ontology does not acknowledge this link. This debarment is particularly pronounced in methodological individualism. It is expressed by the short term rationality of capitalism. If humankind is to survive on Earth, we must replace modern ontology, which focuses on the «being towards death» of the individual, with an ontology that acknowledges the «being towards life» of humankind.
700 10 - ADDED ENTRY--PERSONAL NAME
Personal name Robic, Marie-Claire
Relator term author
786 0# - DATA SOURCE ENTRY
Note L’Espace géographique | 34 | 1 | 2005-03-01 | p. 92d-096d | 0046-2497
856 41 - ELECTRONIC LOCATION AND ACCESS
Uniform Resource Identifier <a href="https://shs.cairn.info/revue-espace-geographique-2005-1-page-92d?lang=fr&redirect-ssocas=7080">https://shs.cairn.info/revue-espace-geographique-2005-1-page-92d?lang=fr&redirect-ssocas=7080</a>

Pas d'exemplaire disponible.

PLUDOC

PLUDOC est la plateforme unique et centralisée de gestion des bibliothèques physiques et numériques de Guinée administré par le CEDUST. Elle est la plus grande base de données de ressources documentaires pour les Étudiants, Enseignants chercheurs et Chercheurs de Guinée.

Adresse

627 919 101/664 919 101

25 boulevard du commerce
Kaloum, Conakry, Guinée

Réseaux sociaux

Powered by Netsen Group @ 2025